Представление документа в формате RUSMARC

ПолеНазваниеЗначение
  Тип записи a
  Библиографический уровень c
001 Контрольный номер RU/SLIB/B/208780208
005 Дата корректировки 20201206204338.8
010 Индекс ISBN __
a ISBN 5-85646-040-5 (В пер.)
d Цена 330-00
021 № государственной регистрации __
b № документа 2002-54198
b № документа 2637
100 Данные общей обработки __
a Данные общей обработки 19030109d2002 |||y0rusy0189 ca
101 Язык документа 0_
a Язык текста rus
102 Страна публикации __
a Страна публикации RU
105 Кодированные данные (монография) __
a Кодированные данные (монография) y |||||||zy
200 Заглавие и сведения об ответственности 1_
a Заглавие Власть и художественная интеллигенция
e Сведения, относящиеся к заглавию док. ЦК РКП(б)-ВКП(б), ВЧК-ОГПУ-НКВД о культур. политике, 1917-1953 гг.
f Первые сведения об ответственности сост.: А. Артизов, О. Наумов
b Общее обозначение материала Текст
210 Выходные данные __
a Место издания М.
c Издательство Междунар. фонд "Демократия"
c Издательство Материк
d Дата издания 2002
215 Физическое описание __
a Объем 868, [1] с.
225 Серия __
a Серия Россия. XX в.
i Наименование части Документы
320 Библиография __
a Библиография Библиогр. в примеч.: с. 731-792.- Указ. имен: с. 799-837
330 Аннотация __
a Аннотация Собраны и систематизированы наиболее значимые постановления высших партийных органов по вопросам литературы и искусства за период от начала гражданской войны и до смерти Сталина.
606 Тематические рубрики __
a Основная рубрика История
z Хронологическая подрубрика 1917-1953 гг.; 20 в.
y Географическая подрубрика СССР
606 Тематические рубрики __
a Основная рубрика История России и СССР (октябрь 1917 - 1991 г.)
610 Ключевые слова __
a Ключевые слова культурная политика; пролетарское искусство; государственное искусство; идеология; деятели культуры; деятели искусства; почетные звания; награждения; документы; творческая интеллигенция
686 Индексы других классификаций __
a Классификационный индекс 63.3(2)6-7
702 Вторичная интеллектуальная ответственность _1
a Фамилия Артизов
b Имя А. Н.
4 Код отношения Составитель
4 Код отношения 220
702 Вторичная интеллектуальная ответственность _1
a Фамилия Наумов
b Имя О. В.
4 Код отношения Составитель
4 Код отношения 220
801 Источник записи _0
a Страна RU
b Организация Муниципальное бюджетное учреждение культуры "Централизованная библиотечная система" г. Сургут (Центральная городская библиотека им. А. С. Пушкина)
c Дата составления 20030109
g Правила каталогизации КиК/Поспелова
801 Источник записи _1
a Страна RU
b Организация Муниципальное бюджетное учреждение культуры "Централизованная библиотечная система" г. Сургут (Центральная городская библиотека им. А. С. Пушкина)
c Дата составления 20030109
g Правила каталогизации КиК/Поспелова
852 Данные о местонахождении __
j Шифр хранения 63.3(2)6-7
c Каталожный индекс 63.3(2)6-7
i Авторский знак В 58
901 Тип документа 1_
t Тип документа x
903 Характеристики (МАРС) __
a Дата передачи 20060117
969 Тип издания __
a Тип издания сборник
990 Данные о заказе (DOS) __
t N записи в КСУ для И/У (DOS) 200601
j Количество экземпляров (DOS) 5